| 000 | 00821nam a22002417a 4500 | ||
|---|---|---|---|
| 003 | UA-OsUOA | ||
| 001 | 44234 | ||
| 007 | ta | ||
| 008 | 20070216b un ||||| |||| 00| 0 ukr d | ||
| 100 | _aТимкова В. А. | ||
| 090 |
_a81"37 _bТ41 |
||
| 942 | _cBK | ||
| 040 |
_aUA-OsUOA _bukr _cUA-OsUOA _dUA-OsUOA |
||
| 245 |
_aСемантико - синтаксична структура двоскладних речень із предикатами якості в української мові _bМонографія |
||
| 300 | _a134 с. | ||
| 955 | _a1 | ||
| 041 | _aukr | ||
| 080 | _a81"37 | ||
| 020 | _a966-351-005-6 | ||
| 260 |
_aК. _bКондор _c2005 |
||
| 650 | 7 |
_a8 Мовознавство. Художня література. Літературознавство _2UDC |
|
| 999 |
_c330357 _d330357 |
||